| 000 | 01123cam a2200337 i 4500 | ||
|---|---|---|---|
| 001 | 200131098 | ||
| 003 | TR-AnTOB | ||
| 005 | 20250210104833.0 | ||
| 007 | ta | ||
| 008 | 140509s2013 tu 000 0 tur d | ||
| 020 | _a9789753425599 | ||
| 040 |
_aTR-AnTOB _beng _erda _cTR-AnTOB |
||
| 041 | 1 |
_atur _heng |
|
| 050 | 0 | 0 |
_aB3376 .W563 _bT7319 2013 |
| 090 |
_aB3376 .W563 _bT7319 2013 |
||
| 100 | 1 |
_aWittgenstein, Ludwig, _d1889-1951 _995011 |
|
| 240 | 1 | 0 |
_aTractatus logico-philosophicus _lTurkish. |
| 245 | 1 | 0 |
_aTractatus logico-philosophicus / _cLudwig Wittgenstein ; çeviren: Oruç Aruoba. |
| 250 | _aYedinci Basım: Ekim 2013 | ||
| 264 | 1 |
_aİstanbul : _bMetis, _c2013. |
|
| 300 |
_a190 pages ; _c21 cm |
||
| 336 |
_atext _btxt _2rdacontent |
||
| 337 |
_aunmediated _bn _2rdamedia |
||
| 338 |
_avolume _bnc _2rdacarrier |
||
| 600 | 1 | 0 |
_aWittgenstein, Ludwig, _d1889-1951 _995011 |
| 650 | 7 |
_aMantık, Sembolik ve matematiksel _2etuturkob _914118 |
|
| 650 | 7 |
_aDil ve diller _xFelsefe _2etuturkob _995015 |
|
| 700 | 1 |
_aAruoba, Oruç _etranslator _953943 |
|
| 942 |
_cBK _2lcc |
||
| 999 |
_c200131098 _d9268 |
||